Octavio Paz 1931-1943: génesis de una poética romántica/Adriana de Teresa Ochoa
Gespeichert in:
| 1. Verfasser: | |
|---|---|
| Format: | Buch |
| Sprache: | Undetermined |
| Veröffentlicht: |
México, Distrito Federal
UNAM. Facultad de Filosofìa y Letras
2009
|
| Schlagworte: | |
| Tags: |
Tag hinzufügen
Keine Tags, Fügen Sie den ersten Tag hinzu!
|
MARC
| LEADER | 00000nam a2200000Ia 4500 | ||
|---|---|---|---|
| 008 | 170316s9999 xx 000 0 und d | ||
| 040 | |a cru BVZT | ||
| 090 | |a C-860 O-2o | ||
| 100 | |a Teresa Ochoa, Adriana de | ||
| 245 | |a Octavio Paz 1931-1943: génesis de una poética romántica/Adriana de Teresa Ochoa | ||
| 260 | |a México, Distrito Federal | ||
| 260 | |b UNAM. Facultad de Filosofìa y Letras | ||
| 260 | |c 2009 | ||
| 300 | |a 183 páginas | ||
| 650 | |a LITERATURA LATINOAMERICANA | ||
| 650 | |a ANÁLISIS LITERARIO | ||
| 650 | |a CRÍTICA LITERARIA | ||
| 650 | |a OCTAVIO PAZ | ||
| 999 | |c 13074 |d 13074 | ||
| 942 | |c 15 D |h C-860 O-2o |2 z | ||
